Cien preguntas básicas sobre la ciencia / (Record no. 26993)
[ view plain ]
| 000 -LEADER | |
|---|---|
| campo de control de longitud fija | 01048nam a2200301 i 4500 |
| 001 - NÚMERO DE CONTROL | |
| campo de control | 26993 |
| 003 - IDENTIFICADOR DE NÚMERO DE CONTROL | |
| campo de control | ES-MaACL |
| 005 - FECHA Y HORA DE LA ÚLTIMA TRANSACCIÓN | |
| campo de control | 20250917063028.0 |
| 007 - CAMPO FIJO DE DESCRIPCIÓN FÍSICA--INFORMACIÓN GENERAL | |
| campo de control de longitud fija | t| |
| 008 - DATOS DE LONGITUD FIJA--INFORMACIÓN GENERAL | |
| campo de control de longitud fija | 030113s1979 sp ||||1| spa d |
| 020 ## - NÚMERO INTERNACIONAL ESTÁNDAR DEL LIBRO | |
| Número Internacional Estándar del Libro | 842061663X |
| 040 ## - FUENTE DE CATALOGACIÓN | |
| Centro/agencia transcriptor | ES-MaACL |
| 100 1# - ENTRADA PRINCIPAL--NOMBRE DE PERSONA | |
| Nombre de persona | Asimov, Isaac |
| 9 (RLIN) | 23610 |
| Término indicativo de función/relación | Autor |
| 245 10 - MENCIÓN DEL TÍTULO | |
| Título | Cien preguntas básicas sobre la ciencia / |
| Mención de responsabilidad, etc. | Isaac Asimov ; [traductor, Miguel Paredes Larrucea]. |
| 246 3# - FORMA VARIANTE DEL TITULO | |
| Título propio/Titulo breve | 100 preguntas básicas sobre la ciencia |
| 250 ## - MENCION DE EDICION | |
| Mención de edición | Tercera edición |
| 260 ## - PUBLICACIÓN, DISTRIBUCIÓN, ETC. | |
| Lugar de publicación, distribución, etc. | Madrid : |
| Nombre del editor, distribuidor, etc. | Alianza Editorial, |
| Fecha de publicación, distribución, etc. | 1979. |
| 300 ## - DESCRIPCIÓN FÍSICA | |
| Extensión | 205 páginas ; |
| Dimensiones | 18 cm. |
| 490 13 - MENCIÓN DE SERIE | |
| Mención de serie | El libro de bolsillo. Ciencia y técnica ; |
| Designación de volumen o secuencia | 663 |
| 650 04 - PUNTO DE ACCESO ADICIONAL DE MATERIA--TÉRMINO DE MATERIA | |
| Término de materia o nombre geográfico como elemento de entrada | Ciencia- |
| Subdivisión de forma | Obras de divulgación |
| 9 (RLIN) | 10959 |
| 655 #0 - TERMINO DE INDIZACIÓN--GENERO/FORMA | |
| 9 (RLIN) | 176636 |
| Datos o término principal de género/forma | Ensayos |
| 700 1# - ENTRADA AGREGADA--NOMBRE PERSONAL | |
| Nombre de persona | Paredes Larrucea, Miguel |
| 9 (RLIN) | 89050 |
| Término indicativo de función/relación | Traductor |
| 830 13 - PUNTO DE ACCESO ADICIONAL DE SERIE-TÍTULO UNIFORME | |
| Título uniforme | El libro de bolsillo. |
| Nombre de parte o sección de la obra | Ciencia y técnica |
| Designación de volumen o secuencia | 663 |
| 9 (RLIN) | 181079 |
| 852 ## - LOCALIZACIÓN | |
| Ubicación | ES-MaACL |
| Número de control de estantería | A-10512 |
| itemnumber | 28013 |
| Ubicación en estantería | Depósito 1 |
| 942 ## - ELEMENTOS DE ENTRADA SECUNDARIOS (KOHA) | |
| Tipo de ítem Koha | Libro impreso |
| Suprimir en OPAC | No |
| Estatus retirado | Estado de pérdida | Estado de daño | No para préstamo | Biblioteca de origen | Biblioteca actual | Ubicación en estantería | Fecha de adquisición | Fuente de adquisición | Total de préstamos | Signatura topográfica completa | Código de barras | Visto por última vez | Precio de reemplazo | Tipo de ítem Koha |
|---|---|---|---|---|---|---|---|---|---|---|---|---|---|---|
| Biblioteca del Ateneo de Madrid | Biblioteca del Ateneo de Madrid | Depósito 1 | 17/01/2008 | A-10512 | 1027862 | 23/02/2023 | 23/02/2023 | Libro impreso |
